| 000 | 00977cam a2200301 i 4500 | ||
|---|---|---|---|
| 001 | 1439654 | ||
| 003 | EG-ScBUE | ||
| 005 | 20240401110535.0 | ||
| 008 | 840525t1983 enkab f b 001 0 eng d | ||
| 020 | _a0714823023 | ||
| 040 |
_aMH _beng _erda _cMH _dDLC _dEG-ScBUE |
||
| 043 | _ae------ | ||
| 082 | 0 | 4 |
_a940.1 _222 _bMAT |
| 100 | 1 |
_aMatthew, Donald, _d1930- _eauthor. _97457 |
|
| 245 | 1 | 0 |
_aAtlas of medieval Europe / _cBy Donald Matthew. |
| 264 | 1 |
_aOxford : _bPhaidon, _c[1983] |
|
| 264 | 4 | _cc1983 | |
| 300 |
_a240 pages : _bcolor illustrations, color maps ; _c31 cm |
||
| 336 |
_2rdacontent _atext _btxt |
||
| 337 |
_aunmediated _2rdamedia _bn |
||
| 338 |
_avolume _bnc _2rdacarrier |
||
| 504 | _aIncludes bibliographical references and index. | ||
| 650 | 7 |
_aCivilization, Medieval. _2BUEsh _97458 |
|
| 650 | 7 |
_aGeography, Medieval _vMaps. _2BUEsh _97459 |
|
| 651 | 7 |
_aEurope _xHistorical geography _vMaps. _2BUEsh _97460 |
|
| 655 | _vReading book | ||
| 942 |
_2ddc _cREFERENCE |
||
| 999 |
_c12173 _d12173 |
||